[Event "SCO-ch 126th"]
[Site "Edinburgh"]
[Date "2019.07.14"]
[Round "9"]
[White "Smith, Callum"]
[Black "Connolly Sams, Dietah"]
[Result "1-0"]
[WhiteElo "1777"]
[BlackElo "1511"]
[PlyCount "59"]
[EventDate "2019.07.06"]
[EventType "swiss"]
[EventRounds "9"]
[EventCountry "SCO"]
[SourceTitle "EXT 2021"]
[Source "ChessBase"]
[SourceDate "2020.10.23"]
[SourceVersion "1"]
[SourceVersionDate "2020.10.23"]
[SourceQuality "1"]

1. e4 c5 2. c3 g6 3. d4 cxd4 4. cxd4 Bg7 5. Nc3 Nc6 6. Nf3 d6 7. h3 Bd7 8. Bc4 Nf6 9. 0-0 0-0 10. Re1 Qc7 11. e5 dxe5 12. dxe5 Ne8 13. e6 fxe6 14. Bxe6+ Bxe6 15. Rxe6 Rd8 16. Qe2 Nf6 17. Bg5 Rd6 18. Nb5 Rxe6 19. Qxe6+ Kh8 20. Nxc7 h6 21. Be3 Kh7 22. Nd4 Nxd4 23. Bxd4 Ng8 24. Bxg7 Kxg7 25. Rd1 Rf6 26. Ne8+ Kf8 27. Nxf6 Nxf6 28. Rd8+ Ne8 29. Qxg6 a5 30. Rxe8# 1-0

[Event "SCO-ch 126th"]
[Site "Edinburgh"]
[Date "2019.07.12"]
[Round "7"]
[White "Smith, Callum"]
[Black "Rounds, Matt"]
[Result "0-1"]
[WhiteElo "1777"]
[BlackElo "1600"]
[PlyCount "36"]
[EventDate "2019.07.06"]
[EventType "swiss"]
[EventRounds "9"]
[EventCountry "SCO"]
[SourceTitle "EXT 2021"]
[Source "ChessBase"]
[SourceDate "2020.10.23"]
[SourceVersion "1"]
[SourceVersionDate "2020.10.23"]
[SourceQuality "1"]

1. e4 c5 2. c3 d5 3. exd5 Qxd5 4. d4 g6 5. Nf3 Bg7 6. Be3 cxd4 7. Nxd4 Nf6 8. Nb5 Qxd1+ 9. Kxd1 Na6 10. Bxa7 0-0 11. Kc2 Bd7 12. Bd4 Ng4 13. Bb6 Rfc8 14. f3 Rc6 15. Bg1 Nh6 16. N1a3 Bf5+ 17. Kc1 Rd8 18. Nd4 Bxd4 0-1

[Event "SCO-ch 126th"]
[Site "Edinburgh"]
[Date "2019.07.11"]
[Round "6"]
[White "Zamvar, Vipin"]
[Black "Smith, Callum"]
[Result "1-0"]
[WhiteElo "1612"]
[BlackElo "1777"]
[PlyCount "83"]
[EventDate "2019.07.06"]
[EventType "swiss"]
[EventRounds "9"]
[EventCountry "SCO"]
[SourceTitle "EXT 2021"]
[Source "ChessBase"]
[SourceDate "2020.10.23"]
[SourceVersion "1"]
[SourceVersionDate "2020.10.23"]
[SourceQuality "1"]

1. e4 c6 2. d4 d5 3. Nd2 dxe4 4. Nxe4 Bf5 5. Ng3 Bg6 6. h4 h6 7. h5 Bh7 8. Bd3 Bxd3 9. Qxd3 Nf6 10. Nf3 e6 11. Be3 Qc7 12. 0-0-0 Nbd7 13. Ne4 Nxe4 14. Qxe4 Nf6 15. Qd3 Bd6 16. Nd2 0-0-0 17. Ne4 Be7 18. Nxf6 Bxf6 19. Qe4 Qa5 20. Kb1 Rd5 21. g4 Rhd8 22. c4 R5d7 23. Rd3 Qb4 24. Rc1 Qe7 25. f4 c5 26. Rcd1 Bxd4 27. Bxd4 cxd4 28. Rxd4 f6 29. Kc2 Kc7 30. Kc3 Rxd4 31. Rxd4 Rxd4 32. Qxd4 b6 33. b4 e5 34. Qe4 Qd6 35. fxe5 Qxe5+ 36. Qxe5+ fxe5 37. Kd3 a5 38. a3 Kc6 39. Ke4 Kd6 40. Kf5 axb4 41. axb4 b5 42. cxb5 1-0

[Event "SCO-ch 125th"]
[Site "Paisley"]
[Date "2018.07.09"]
[Round "3"]
[White "Smith, Callum"]
[Black "D Allesio, Marco"]
[Result "0-1"]
[WhiteElo "1852"]
[BlackElo "1609"]
[PlyCount "146"]
[EventDate "2018.07.07"]
[EventType "swiss"]
[EventRounds "9"]
[EventCountry "SCO"]
[SourceTitle "CBM 185 Extra"]
[Source "ChessBase"]
[SourceDate "2018.07.29"]
[SourceVersion "1"]
[SourceVersionDate "2018.07.29"]
[SourceQuality "1"]

1. e4 e5 2. Nf3 Nc6 3. d4 exd4 4. Nxd4 Bc5 5. Nxc6 Qf6 6. Qd2 Qxc6 7. Bd3 Nf6 8. 0-0 0-0 9. Nc3 Re8 10. Re1 Ng4 11. Re2 Qd6 12. Qf4 Ne5 13. Be3 Re6 14. Bxc5 Qxc5 15. Rd1 b6 16. Qe3 Nxd3 17. Rxd3 Ba6 18. Rd5 Qe7 19. Re1 c6 20. Rd2 d5 21. Qf4 Re8 22. Rd4 Bb7 23. f3 Qc5 24. Qd2 f5 25. Kh1 Qe7 26. Qf4 Re5 27. Red1 Qe6 28. h3 fxe4 29. fxe4 dxe4 30. Rd6 Qf7 31. Qg4 Bc8 32. Qe2 R5e6 33. R6d4 c5 34. Rd8 Rxd8 35. Rxd8+ Re8 36. Rxe8+ Qxe8 37. Qxe4 Qxe4 38. Nxe4 Bf5 39. Nd6 Bxc2 40. Nc8 Bf5 41. Nd6 Be6 42. a3 Kf8 43. h4 Ke7 44. Ne4 Bf5 45. Nc3 Kd6 46. Kg1 Ke5 47. Kf2 Kd4 48. Ke2 a6 49. Kd2 b5 50. g3 Kc4 51. Ne2 Kb3 52. Kc1 h5 53. Nf4 g6 54. Nd5 b4 55. axb4 cxb4 56. Nc7 a5 57. Nb5 a4 58. Nd4+ Kc4 59. Nc6 Be4 60. Ne5+ Kb3 61. Nd7 Kc4 62. Nb6+ Kb5 63. Nd7 Bf5 64. Ne5 Kc5 65. Kd2 Kd4 66. Nf3+ Kc4 67. Kc1 a3 68. Nd2+ Kd3 69. bxa3 bxa3 70. Nb3 Ke3 71. Nd2 Kf2 72. Nc4 Kxg3 73. Nxa3 Kxh4 0-1

[Event "BCF-ch U16"]
[Site "Llandudno"]
[Date "2017.07.31"]
[Round "2"]
[White "Smith, Callum"]
[Black "Smith, Rachel Lorna"]
[Result "1-0"]
[WhiteElo "1837"]
[BlackElo "1529"]
[PlyCount "71"]
[EventDate "2017.07.30"]
[EventType "swiss"]
[EventRounds "7"]
[EventCountry "WLS"]
[SourceTitle "CBM 179 Extra"]
[Source "ChessBase"]
[SourceDate "2017.08.23"]
[SourceVersion "1"]
[SourceVersionDate "2017.08.23"]
[SourceQuality "1"]

1. e4 c6 2. d4 g6 3. Nc3 d5 4. e5 Bg7 5. Be3 h5 6. Be2 Nh6 7. Nf3 Bg4 8. h3 Bxf3 9. Bxf3 h4 10. Qd3 e6 11. Qd2 Nf5 12. Bg5 Qb6 13. 0-0-0 Nd7 14. Be2 Qc7 15. f4 Nf8 16. Rhf1 Nh7 17. Rf3 Nxg5 18. fxg5 0-0-0 19. Kb1 Kb8 20. Na4 Ka8 21. Rb3 Rc8 22. Nc5 b6 23. Na4 Rb8 24. Rc1 Qe7 25. Rf1 Rhc8 26. Rff3 c5 27. dxc5 bxc5 28. Qa5 Qc7 29. Rxb8+ Qxb8 30. Rb3 Qxb3 31. axb3 Rb8 32. Qxc5 Bxe5 33. Qc6+ Rb7 34. Ba6 Nd6 35. Bxb7+ Nxb7 36. Nc5 1-0

[Event "BCF-ch U16"]
[Site "Llandudno"]
[Date "2017.07.30"]
[Round "1"]
[White "Samworth Calvier, Juju"]
[Black "Smith, Callum"]
[Result "1-0"]
[WhiteElo "1594"]
[BlackElo "1837"]
[PlyCount "145"]
[EventDate "2017.07.30"]
[EventType "swiss"]
[EventRounds "7"]
[EventCountry "WLS"]
[SourceTitle "CBM 179 Extra"]
[Source "ChessBase"]
[SourceDate "2017.08.23"]
[SourceVersion "1"]
[SourceVersionDate "2017.08.23"]
[SourceQuality "1"]

1. e4 c6 2. Nc3 d5 3. Nf3 Bg4 4. h3 Bxf3 5. Qxf3 e6 6. d3 Bb4 7. a3 Ba5 8. b4 Bb6 9. Na4 Bd4 10. c3 Bf6 11. d4 dxe4 12. Qxe4 Nd7 13. Bd2 Ne7 14. Bd3 g6 15. 0-0 0-0 16. Rac1 Rc8 17. Rfd1 Re8 18. Nb2 Bg7 19. Nc4 Nb6 20. Ne5 Qd5 21. Bf4 Qxe4 22. Bxe4 Ned5 23. Bg3 a6 24. c4 Ne7 25. c5 Nbd5 26. Nc4 Rcd8 27. Nd6 Rf8 28. Nxb7 Rd7 29. Na5 Rc8 30. Nc4 Rcd8 31. Nd6 Nf5 32. Bxf5 gxf5 33. Rd3 Kf8 34. Rb1 Ra8 35. a4 f4 36. Bh4 Rb8 37. b5 axb5 38. axb5 cxb5 39. Rxb5 Rxb5 40. Nxb5 Rb7 41. Ra3 f6 42. Ra5 Nc7 43. Nxc7 Rxc7 44. f3 Ke7 45. Bf2 f5 46. Kf1 Bf6 47. Ke2 Kd7 48. Ra6 Rc6 49. Rxc6 Kxc6 50. Kd3 Kd5 51. Kc3 h5 52. Kb4 Kc6 53. Kc4 Bd8 54. Be1 Bc7 55. Bd2 Bb8 56. Ba5 Ba7 57. Bd8 Bb8 58. Bf6 Bc7 59. Be5 Bd8 60. Bxf4 Bh4 61. g4 hxg4 62. hxg4 fxg4 63. fxg4 Kd7 64. g5 Ke8 65. g6 Bd8 66. Kb5 Bf6 67. Be5 Bd8 68. g7 Kf7 69. Kc6 Ba5 70. Kd7 Bc3 71. c6 Ba5 72. c7 Bxc7 73. Kxc7 1-0

[Event "SCO-ch 124th"]
[Site "Dundee"]
[Date "2017.07.23"]
[Round "9"]
[White "Smith, Callum"]
[Black "Le Duigou, Goulven"]
[Result "1-0"]
[WhiteElo "1837"]
[BlackElo "1916"]
[PlyCount "73"]
[EventDate "2017.07.15"]
[EventType "swiss"]
[EventRounds "9"]
[EventCountry "SCO"]
[SourceTitle "EXT 2018"]
[Source "ChessBase"]
[SourceDate "2017.10.13"]
[SourceVersion "1"]
[SourceVersionDate "2017.10.13"]
[SourceQuality "1"]

1. e4 e5 2. Nf3 Nc6 3. d4 exd4 4. Nxd4 Bc5 5. Be3 Qf6 6. c3 Nge7 7. Bd3 d5 8. Bc2 a6 9. 0-0 Bd7 10. Nxc6 Qxc6 11. exd5 Qb6 12. Bxc5 Qxc5 13. Re1 0-0-0 14. Bb3 Nf5 15. Nd2 g5 16. Ne4 Qf8 17. Qc2 Nh4 18. Ng3 f5 19. c4 h5 20. c5 Rh6 21. Qc3 Kb8 22. Rac1 f4 23. Nf1 f3 24. d6 fxg2 25. dxc7+ Kxc7 26. Qe5+ Kc8 27. Nd2 Re8 28. Qxg5 Rxe1+ 29. Rxe1 Nf5 30. Nf3 Kb8 31. Qf4+ Ka8 32. Nh4 Rf6 33. Nxf5 Rxf5 34. Qd6 Qg7 35. Be6 Bxe6 36. Rxe6 Qf7 37. Re7 1-0

[Event "SCO-ch 124th"]
[Site "Dundee"]
[Date "2017.07.22"]
[Round "8"]
[White "Gray, Euan"]
[Black "Smith, Callum"]
[Result "1-0"]
[WhiteElo "1994"]
[BlackElo "1837"]
[PlyCount "61"]
[EventDate "2017.07.15"]
[EventType "swiss"]
[EventRounds "9"]
[EventCountry "SCO"]
[SourceTitle "EXT 2018"]
[Source "ChessBase"]
[SourceDate "2017.10.13"]
[SourceVersion "1"]
[SourceVersionDate "2017.10.13"]
[SourceQuality "1"]

1. d4 Nf6 2. c4 c5 3. d5 d6 4. Nc3 e5 5. e4 Be7 6. Nf3 0-0 7. Bd3 g6 8. Bh6 Re8 9. h3 Nh5 10. Qd2 Ng7 11. g4 Nd7 12. 0-0-0 a6 13. Rdg1 Rf8 14. h4 Nf6 15. Nh2 Bd7 16. f4 b5 17. fxe5 dxe5 18. h5 Qc8 19. Qe2 bxc4 20. Bxc4 Bd6 21. Rg3 Rb8 22. Rf1 Nfe8 23. Qe3 Qb7 24. b3 a5 25. hxg6 hxg6 26. Rh3 f6 27. Bxg7 Nxg7 28. Qh6 Kf7 29. Rhf3 f5 30. exf5 e4 31. Qxg6+ 1-0

[Event "SCO-ch 124th"]
[Site "Dundee"]
[Date "2017.07.19"]
[Round "5"]
[White "Smith, Callum"]
[Black "Duke, Michael"]
[Result "0-1"]
[WhiteElo "1837"]
[BlackElo "2052"]
[PlyCount "110"]
[EventDate "2017.07.15"]
[EventType "swiss"]
[EventRounds "9"]
[EventCountry "SCO"]
[SourceTitle "CBM 179 Extra"]
[Source "ChessBase"]
[SourceDate "2017.08.23"]
[SourceVersion "1"]
[SourceVersionDate "2017.08.23"]
[SourceQuality "1"]

1. e4 e5 2. Nf3 Nc6 3. d4 exd4 4. Nxd4 Nf6 5. Nc3 Bc5 6. Be3 Bb6 7. Be2 0-0 8. 0-0 Re8 9. Nxc6 bxc6 10. Bxb6 axb6 11. Bf3 Bb7 12. Re1 d6 13. Qd2 Qe7 14. g3 Nd7 15. Bg2 Qf6 16. f4 Rad8 17. Qf2 Ba8 18. a3 Nc5 19. Rad1 g6 20. Qd4 Qe7 21. Kf2 h5 22. Qe3 Ne6 23. e5 d5 24. Ne2 Ng7 25. c3 Qd7 26. Qd3 c5 27. Qa6 c4 28. Nd4 Bc6 29. Nxc6 Qxc6 30. a4 Qc5+ 31. Kf1 c6 32. Bh3 h4 33. Rd2 Re7 34. Rd4 Ne8 35. Rd2 Nc7 36. Qb7 Nb5 37. Qa6 Ra7 38. axb5 Rxa6 39. bxa6 Qa5 40. e6 fxe6 41. Rxe6 Qxa6 42. Rxg6+ Kf7 43. Rxc6 hxg3 44. hxg3 Re8 45. Rc7+ Kg8 46. Kg2 Qa1 47. Rc8 Rxc8 48. Bxc8 d4 49. cxd4 Qa8+ 50. Kf2 Qxc8 51. Rc2 b5 52. Rc3 Qe6 53. Re3 Qd5 54. Re5 Qxd4+ 55. Kf3 Qxb2 0-1

[Event "Dundee & Angus op"]
[Site "Dundee"]
[Date "2016.10.09"]
[Round "5"]
[White "Smith, Callum"]
[Black "Shafi, Declan"]
[Result "0-1"]
[WhiteElo "1565"]
[BlackElo "1886"]
[PlyCount "62"]
[EventDate "2016.10.07"]
[EventType "swiss"]
[EventRounds "5"]
[EventCountry "SCO"]
[SourceTitle "EXT 2023"]
[Source "ChessBase"]
[SourceDate "2022.10.05"]
[SourceVersion "1"]
[SourceVersionDate "2022.10.05"]
[SourceQuality "1"]

1. e4 e5 2. Nf3 Nc6 3. d4 exd4 4. Nxd4 Nf6 5. Nc3 Bb4 6. Nxc6 bxc6 7. Bd3 d5 8. exd5 cxd5 9. 0-0 0-0 10. Bg5 c6 11. h3 Bd6 12. Re1 Rb8 13. Rb1 h6 14. Bd2 Qc7 15. Qf3 Nd7 16. Qf5 g6 17. Qf3 Ne5 18. Qf6 Nxd3 19. cxd3 Kh7 20. Bf4 Bxf4 21. Re7 Bh2+ 22. Kh1 Qf4 23. Qxc6 Qd6 24. Qxd6 Bxd6 25. Rxa7 Be6 26. a3 Rb3 27. a4 Be5 28. Nd1 Rfb8 29. a5 Bxb2 30. Nxb2 Rxb2 31. Ra1 Rb1+ 0-1

[Event "BCF-ch U15"]
[Site "Bournemouth"]
[Date "2016.08.04"]
[Round "6"]
[White "Smith, Callum"]
[Black "Camp, Imogen AL"]
[Result "0-1"]
[WhiteElo "1665"]
[BlackElo "1726"]
[PlyCount "80"]
[EventDate "2016.07.31"]
[EventType "swiss"]
[EventRounds "7"]
[EventCountry "ENG"]
[SourceTitle "CBM 173 Extra"]
[Source "ChessBase"]
[SourceDate "2016.08.29"]
[SourceVersion "1"]
[SourceVersionDate "2016.08.29"]
[SourceQuality "1"]

1. e4 c6 2. d4 d5 3. e5 Bf5 4. Nc3 e6 5. g4 Bg6 6. Nge2 h6 7. h4 c5 8. Nf4 Bh7 9. dxc5 Qc7 10. Bb5+ Nc6 11. Bxc6+ bxc6 12. Qe2 Bxc5 13. Nd3 Bxd3 14. cxd3 Ne7 15. h5 Bb6 16. Bd2 c5 17. Nb5 Qd7 18. Nd6+ Kf8 19. g5 hxg5 20. Bxg5 Ba5+ 21. Kf1 Nf5 22. Nxf5 exf5 23. h6 gxh6 24. Rxh6 Rxh6 25. Bxh6+ Ke8 26. Bg5 Qe6 27. f4 Kd7 28. Qc2 Bb6 29. Rc1 Rh8 30. Qa4+ Kc7 31. Ke2 Rh2+ 32. Kd1 Qg6 33. Rc2 Qh5+ 34. Kc1 Rh1+ 35. Kd2 Qd1+ 36. Kc3 Rh2 37. e6 fxe6 38. Bf6 d4+ 39. Bxd4 cxd4+ 40. Kb3+ Qxc2+ 0-1

[Event "SCO-ch 123rd"]
[Site "Glasgow"]
[Date "2016.07.11"]
[Round "3"]
[White "Smith, Callum"]
[Black "D Costa, Leston"]
[Result "1-0"]
[WhiteElo "1665"]
[BlackElo "1557"]
[PlyCount "105"]
[EventDate "2016.07.09"]
[EventType "swiss"]
[EventRounds "9"]
[EventCountry "SCO"]
[SourceTitle "CBM 173 Extra"]
[Source "ChessBase"]
[SourceDate "2016.08.29"]
[SourceVersion "1"]
[SourceVersionDate "2016.08.29"]
[SourceQuality "1"]

1. e4 c5 2. c3 d5 3. exd5 Qxd5 4. d4 Nf6 5. Nf3 Bg4 6. Nbd2 Nc6 7. Bc4 Bxf3 8. Qb3 Na5 9. Qb5+ Qd7 10. Nxf3 Nxc4 11. Qxc4 cxd4 12. Nxd4 e6 13. Bg5 Be7 14. 0-0-0 Rc8 15. Qb3 Nd5 16. Bxe7 Qxe7 17. Kb1 0-0 18. Rhe1 Qg5 19. g3 b5 20. f4 Qf6 21. Re5 Rc5 22. Rde1 Rfc8 23. Nxb5 Rb8 24. c4 a6 25. Rc1 Qg6+ 26. Qc2 axb5 27. Qxg6 hxg6 28. cxd5 Rxd5 29. Rxd5 exd5 30. Rc7 Re8 31. Rd7 Re1+ 32. Kc2 Re2+ 33. Kb3 Re3+ 34. Kb4 Re2 35. Ka3 Rxh2 36. Rxd5 Rh5 37. Rd8+ Kh7 38. Kb4 g5 39. Rd5 Kg6 40. Rxg5+ Rxg5 41. fxg5 Kxg5 42. Kxb5 f5 43. a4 Kg4 44. a5 Kxg3 45. a6 f4 46. a7 f3 47. a8Q f2 48. Qb8+ Kg2 49. Qb7+ Kh2 50. Qc7+ Kg2 51. Qxg7+ Kh2 52. Qf6 Kg2 53. Kc5 1-0

[Event "Livingston op 1st"]
[Site "Livingston"]
[Date "2016.01.31"]
[Round "4.7"]
[White "Smith, Callum"]
[Black "Groves, Carey"]
[Result "1/2-1/2"]
[WhiteElo "1626"]
[BlackElo "1982"]
[PlyCount "63"]
[EventDate "2016.01.29"]
[EventType "swiss"]
[EventRounds "5"]
[EventCountry "ENG"]
[SourceTitle "EXT 2023"]
[Source "ChessBase"]
[SourceDate "2022.10.05"]
[SourceVersion "1"]
[SourceVersionDate "2022.10.05"]
[SourceQuality "1"]

1. e4 d6 2. d4 Nf6 3. Nc3 g6 4. Nf3 Bg7 5. h3 0-0 6. Be3 c6 7. a4 Qa5 8. Bd3 Nbd7 9. 0-0 e5 10. dxe5 dxe5 11. Qd2 Re8 12. Rfd1 Nc5 13. Bxc5 Qxc5 14. Be2 Nh5 15. Qd6 Qxd6 16. Rxd6 Bf8 17. Rdd1 Nf4 18. Bc4 Kg7 19. Ne2 Nxe2+ 20. Bxe2 a5 21. Bc4 Bc5 22. Rd2 Rb8 23. Rad1 Be6 24. Bxe6 Rxe6 25. Rd7 h6 26. Rd8 Rxd8 27. Rxd8 Rd6 28. Rxd6 Bxd6 29. Nd2 Kf6 30. Nc4 Bc7 31. Kf1 Ke6 32. Ke2 1/2-1/2

[Event "Dundee & Angus Challengers"]
[Site "Dundee"]
[Date "2015.10.11"]
[Round "4"]
[White "Tahiraj, Kavafil"]
[Black "Smith, Callum"]
[Result "1-0"]
[WhiteElo "1800"]
[BlackElo "1483"]
[PlyCount "115"]
[EventDate "2015.10.09"]
[EventType "swiss"]
[EventRounds "5"]
[EventCountry "SCO"]
[SourceTitle "EXT 2023"]
[Source "ChessBase"]
[SourceDate "2022.10.05"]
[SourceVersion "1"]
[SourceVersionDate "2022.10.05"]
[SourceQuality "1"]

1. d4 d5 2. Bf4 Nf6 3. e3 Bf5 4. Nf3 e6 5. Be2 Be7 6. Nbd2 0-0 7. 0-0 Nbd7 8. c4 c6 9. a3 dxc4 10. Nxc4 c5 11. Nd6 Be4 12. Nxe4 Nxe4 13. Qc2 Nef6 14. dxc5 Bxc5 15. b4 Be7 16. Rfd1 Rc8 17. Qa4 Qb6 18. Rxd7 Nxd7 19. Qxd7 Bf6 20. Be5 Rfd8 21. Qa4 Bxe5 22. Nxe5 Qc7 23. Nf3 Qc2 24. Qxc2 Rxc2 25. Bd1 Rc3 26. Nd4 Rd3 27. Be2 Rd2 28. Kf1 Rb2 29. f4 Rc8 30. Kf2 Kf8 31. Kf3 Ke7 32. Bd3 h6 33. Be4 b6 34. Nc6+ Kf8 35. Nxa7 Rd8 36. Rc1 Ra2 37. Nb5 f5 38. Bb7 Rd7 39. Bc6 Rdd2 40. Kg3 Rd3 41. Re1 g5 42. h3 Rb2 43. Bf3 Kf7 44. e4 Rc2 45. exf5 exf5 46. Re5 Kf6 47. Rd5 Rxd5 48. Bxd5 Re2 49. Bf3 Re3 50. fxg5+ hxg5 51. Kf2 Re5 52. Nc3 Ke6 53. Na4 b5 54. Nc3 f4 55. Be2 Re3 56. Nxb5 Kd5 57. a4 Re4 58. Bf3 1-0

[Event "Dundee & Angus Challengers"]
[Site "Dundee"]
[Date "2015.10.10"]
[Round "2"]
[White "Barker, Luke"]
[Black "Smith, Callum"]
[Result "1-0"]
[WhiteElo "1714"]
[BlackElo "1483"]
[PlyCount "83"]
[EventDate "2015.10.09"]
[EventType "swiss"]
[EventRounds "5"]
[EventCountry "SCO"]
[SourceTitle "EXT 2023"]
[Source "ChessBase"]
[SourceDate "2022.10.05"]
[SourceVersion "1"]
[SourceVersionDate "2022.10.05"]
[SourceQuality "1"]

1. d4 d5 2. Nf3 Nf6 3. c4 c6 4. g3 dxc4 5. Qc2 Nbd7 6. Bg2 Nb6 7. 0-0 Bg4 8. Nbd2 e6 9. Nxc4 Bxf3 10. Bxf3 Qxd4 11. Na5 Qa4 12. Qxa4 Nxa4 13. Nxc6 Nd5 14. Ne5 Be7 15. Bd2 Bf6 16. Nd3 Rd8 17. Rfd1 b6 18. Rac1 Nxb2 19. Nxb2 Bxb2 20. Rc2 Be5 21. Rdc1 0-0 22. e4 Ne7 23. Bb4 Rd7 24. Be2 Rfd8 25. Bb5 Rd1+ 26. Rxd1 Rxd1+ 27. Kg2 Bd6 28. Bxd6 Rxd6 29. Rc7 Kf8 30. Rxa7 Nc6 31. Ra8+ Ke7 32. h4 Rd8 33. Bxc6 Rxa8 34. Bxa8 Kd6 35. e5+ Kc5 36. a4 Kb4 37. Bc6 Kc5 38. Be8 f6 39. exf6 gxf6 40. Kf3 e5 41. Ke4 f5+ 42. Kxf5 1-0

[Event "EU-ch U14 25th"]
[Site "Porec"]
[Date "2015.09.30"]
[Round "9"]
[White "Borzan, Andrej"]
[Black "Smith, Callum"]
[Result "0-1"]
[WhiteElo "1540"]
[BlackElo "1515"]
[PlyCount "120"]
[EventDate "2015.09.21"]
[EventType "swiss"]
[EventRounds "9"]
[EventCountry "CRO"]
[SourceTitle "EXT 2016"]
[Source "ChessBase"]
[SourceDate "2015.10.08"]
[SourceVersion "1"]
[SourceVersionDate "2015.10.08"]
[SourceQuality "1"]

1. e4 c6 2. d4 d5 3. e5 Bf5 4. Nf3 e6 5. Bd3 Bxd3 6. Qxd3 Ne7 7. 0-0 Nf5 8. Be3 Qb6 9. b3 c5 10. c3 Nc6 11. Rd1 Be7 12. Nbd2 0-0 13. Nf1 Rac8 14. Rac1 cxd4 15. Bxd4 Ncxd4 16. cxd4 Ba3 17. Rxc8 Rxc8 18. Ne3 Nxe3 19. Qxe3 Qc6 20. h3 Qc2 21. Qd2 h6 22. Qxc2 Rxc2 23. Rd2 Rxd2 24. Nxd2 Bb2 25. Nf3 Kf8 26. Kf1 Ke7 27. Ke2 Kd7 28. Kd3 Kc6 29. Ne1 a5 30. Nc2 Bc1 31. a4 f6 32. exf6 gxf6 33. Ne3 e5 34. Ng4 e4+ 35. Ke2 f5 36. Ne5+ Kd6 37. g3 Ke6 38. h4 f4 39. gxf4 Bxf4 40. Ng4 Kf5 41. f3 h5 42. Nf2 Bg3 43. Nd1 exf3+ 44. Kxf3 Bxh4 45. Nc3 Bf6 46. Nxd5 Bxd4 47. b4 Ke5 48. Ne7 axb4 49. Ke2 b3 50. Kd2 b2 51. Kc2 Ke6 52. Ng6 Kf5 53. Nh4+ Kg4 54. Ng2 Kg3 55. Ne1 h4 56. Nd3 h3 57. Nxb2 Bxb2 58. Kxb2 h2 59. Kb3 h1Q 60. Kb4 Qe4+ 0-1

[Event "EU-ch U14 25th"]
[Site "Porec"]
[Date "2015.09.27"]
[Round "6"]
[White "Smith, Callum"]
[Black "Cotic, Borna"]
[Result "0-1"]
[WhiteElo "1515"]
[BlackElo "1814"]
[PlyCount "98"]
[EventDate "2015.09.21"]
[EventType "swiss"]
[EventRounds "9"]
[EventCountry "CRO"]
[SourceTitle "EXT 2016"]
[Source "ChessBase"]
[SourceDate "2015.10.08"]
[SourceVersion "1"]
[SourceVersionDate "2015.10.08"]
[SourceQuality "1"]

1. e4 e5 2. Nf3 Nc6 3. d4 exd4 4. Nxd4 Bc5 5. Be3 Bb6 6. Bc4 Nf6 7. 0-0 d6 8. Nc3 0-0 9. Nxc6 bxc6 10. Bxb6 axb6 11. Re1 Bb7 12. e5 dxe5 13. Rxe5 Re8 14. Qxd8 Raxd8 15. Rxe8+ Rxe8 16. Rd1 Kf8 17. Kf1 Re7 18. Rd8+ Re8 19. Rxe8+ Nxe8 20. b4 Nd6 21. Bd3 Ke7 22. g4 h6 23. a4 Bc8 24. f3 Nb7 25. Ba6 Kd8 26. Ke2 Kd7 27. Bc4 f6 28. Ne4 Nd6 29. Nxd6 Kxd6 30. Ke3 c5 31. c3 cxb4 32. cxb4 c5 33. b5 g5 34. Ke4 Bb7+ 35. Kf5 Bxf3 36. Kxf6 Bxg4 37. Kg6 Be6 38. Bd3 Ke5 39. Kxh6 c4 40. Bb1 c3 41. Kxg5 Bb3 42. h4 c2 43. Bxc2 Bxc2 44. a5 bxa5 45. b6 Kd6 46. h5 a4 47. h6 a3 48. b7 Kc7 49. b8Q+ Kxb8 0-1